Império (Registo nº 211)

Detalhes MARC
000 -Etiqueta do registo
Cabeçalho 00800nam0a2200265 4500
005 - Identificador da versão
Campo de controlo 20240813121757.0
010 ## - Número internacional normalizado dos livros (ISBN)
Número (ISBN) 849607580X
021 ## - Número do Depósito Legal
Código do país ES
Número B. 51130-2002
100 ## - Dados gerais de processamento
Dados gerais de processamento 20160512d2002 aaay1pory5001 ba
102 ## - Pais de publicação ou produção
País de publicação Portugal
101 1# - Língua de publicação
Língua do texto, banda sonora, etc. Português
Língua do documento no original Inglês
215 ## - Descrição física 
Indicação específica da natureza do documento e extensão da espécie 607, [1] p
200 1# - Titulo e menção de responsabilidade
Título próprio Império
Primeira menção de responsabilidade Gore Vidal
Outras menções de responsabilidade trad. de Paula Vitória e Manuela Madureira
225 2# - Colecção 
Título próprio da colecção Mil folhas
Indicação de volume 35
210 ## - Publicação, Distribuição, etc. 
Lugar da edição, distribuição, etc. Porto
Nome do editor, distribuidor, etc. Público Comunicação Social
Data da publicação, distribuição, etc. cop. 2002
606 ## - Nome comum usado como assunto
Número de registo de entrada de autoridade 0002097
Palavra de ordem Literatura americana
Subdivisão de assunto Romance
Código do sistema CA
675 ## - Classificação Decimal Universal (CDU)
Notação 821.111(73)-31
Edição 3ª ed.
Língua da edição por
702 #1 - Nome de autor-pessoa física (responsabilidade secundária)
Número de registo de entrada de autoridade 0002929
Palavra de ordem Vitória
Outra parte do nome não tomada para palavra de ordem Paula
Código de função Tradutor
Número de registo de entrada de autoridade 0002930
Palavra de ordem Madureira
Outra parte do nome não tomada para palavra de ordem Manuela
Código de função Tradutor
700 #1 - Nome de autor-pessoa física (responsabilidade principal)
Número de registo de entrada de autoridade 0002928
Palavra de ordem Vidal
Outra parte do nome não tomada para palavra de ordem Gore
Datas 1925-2012
966 ## - Identificação da Biblioteca
Sigla EB2,3ENM
942 ## - Elementos de entrada adicionados (Koha)
Tipo de item no Koha Livro
Exemplares
Situação do levantamento Origin of item (home branch) (coded) Biblioteca de empréstimo Código de barras Cota Circulation type (not for loan) Tipo de documento Nota do exemplar Damaged status
  Biblioteca Escolar Eng. Nuno Mergulhão Biblioteca Escolar Eng. Nuno Mergulhão BENM767 82LE-3 VID   Livro Sem mensagem